[Event "DVM U16 2008"]
[Site "Bingen GER"]
[Date "2008.12.29"]
[Round "6"]
[White "Lock, Adrian"]
[Black "Grimm, Pascal"]
[Result "1-0"]
[Termination "normal"]
[Board "3.2"]
[WhiteElo "1981"]
[BlackElo "1877"]
[WhiteTeam "Koenigsspr. SC von 1984"]
[BlackTeam "SC Postbauer-Heng"]
[PlyCount "87"]
[WhiteFideId "24651290"]
[BlackFideId "24620122"]
[EventCountry "GER"]
[EventRounds "7"]
[EventType "team-swiss"]
[EventDate "2008.12.26"]

1. e4 g6 2. d4 Bg7 3. Nc3 d6 4. Be3 Nf6 5. f3 O-O 6. Qd2 Nbd7 7. O-O-O c6 8. h4
h5 9. Bh6 b5 10. Bxg7 Kxg7 11. e5 dxe5 12. dxe5 Nh7 13. g4 b4 14. Nb1 Qa5 15.
gxh5 gxh5 16. f4 Qxa2 17. Qg2+ Kh8 18. Qxc6 Nb6 19. Bd3 f6 20. Qe4 Rf7 21. Qxb4
Bg4 22. Ne2 fxe5 23. fxe5 Qe6 24. Qd4 Qh6+ 25. Nd2 e6 26. Rdf1 Rd7 27. Qf4 Qg7
28. Nc3 Rf8 29. Qe3 Rdf7 30. Rxf7 Rxf7 31. Rg1 Qf8 32. Rf1 Rxf1+ 33. Nxf1 Qe7
34. Qf2 Kg7 35. Ne3 Nd7 36. Qg3 Kh8 37. Nxg4 hxg4 38. Ne4 Qg7 39. Bc4 Nxe5 40.
Bxe6 Qh6+ 41. Ng5 Nxg5 42. Qxe5+ Kh7 43. Bf5+ Kg8 44. hxg5 1-0

[Event "DVM U16 2008"]
[Site "Bingen GER"]
[Date "2008.12.29"]
[Round "6"]
[White "Riexinger, Martin"]
[Black "Streich, Justus"]
[Result "1/2-1/2"]
[Termination "normal"]
[Board "3.3"]
[WhiteElo "1792"]
[BlackElo "1725"]
[WhiteTeam "SC Postbauer-Heng"]
[BlackTeam "Koenigsspr. SC von 1984"]
[PlyCount "42"]
[WhiteFideId "24674320"]
[BlackFideId "24697168"]
[EventCountry "GER"]
[EventRounds "7"]
[EventType "team-swiss"]
[EventDate "2008.12.26"]

1. d4 d5 2. c4 e6 3. Nc3 Be7 4. Nf3 Nf6 5. Bg5 h6 6. Bh4 Ne4 7. Bxe7 Qxe7 8.
Qb3 Nxc3 9. Qxc3 O-O 10. e3 c6 11. a3 Nd7 12. Rc1 Re8 13. Be2 dxc4 14. Bxc4 e5
15. dxe5 Nxe5 16. Nxe5 Qxe5 17. Qxe5 Rxe5 18. O-O Bg4 19. h3 Bh5 20. Rc3 Kf8
21. Rfc1 Rd8 1/2-1/2

[Event "DVM U16 2008"]
[Site "Bingen GER"]
[Date "2008.12.29"]
[Round "6"]
[White "Steinfeldt, Henry"]
[Black "Spieske, Alexander"]
[Result "0-1"]
[Termination "normal"]
[Board "3.4"]
[WhiteElo "1585"]
[BlackElo "1497"]
[WhiteTeam "Koenigsspr. SC von 1984"]
[BlackTeam "SC Postbauer-Heng"]
[PlyCount "106"]
[WhiteFideId "24697176"]
[BlackFideId "24697605"]
[EventCountry "GER"]
[EventRounds "7"]
[EventType "team-swiss"]
[EventDate "2008.12.26"]

1. e4 e6 2. d3 d5 3. Nd2 Nf6 4. Ngf3 dxe4 5. dxe4 Bc5 6. Bd3 Nc6 7. Nb3 Nd7 8.
O-O Bb6 9. Re1 Nde5 10. Be3 Nxd3 11. cxd3 Bxe3 12. Rxe3 e5 13. d4 exd4 14.
Nbxd4 Nxd4 15. Qxd4 O-O 16. Rd3 Qxd4 17. Rxd4 c5 18. Rd6 Re8 19. h3 b6 20. Re1
Bb7 21. Nd2 Rad8 22. Nc4 Ba6 23. Rxd8 Rxd8 24. Ne3 Rd2 25. Rd1 Rxd1+ 26. Nxd1
b5 27. Kf1 Kf8 28. Ke2 Ke7 29. Ke3 Kd6 30. f4 b4 31. g4 Bc4 32. b3 Bf1 33. Kf2
Bd3 34. Kf3 Bb1 35. e5+ Kd7 36. Ke3 Bxa2 37. Kd2 Bxb3 38. Ne3 c4 39. Nf5 c3+
40. Kc1 g6 41. Nd4 Bc4 42. Kc2 a5 43. f5 a4 44. Nf3 Bf1 45. fxg6 hxg6 46. Ng5
Ke7 47. h4 Be2 48. Ne4 Bxg4 49. Nc5 a3 50. Kb1 Bf5+ 51. Kc1 a2 52. Nb3 Be6 53.
h5 Bxb3 0-1

[Event "DVM U16 2008"]
[Site "Bingen GER"]
[Date "2008.12.29"]
[Round "6"]
[White "Oltmanns, Ingmar"]
[Black "Höger, Bastian"]
[Result "1-0"]
[Termination "normal"]
[Board "4.1"]
[WhiteElo "1929"]
[BlackElo "1855"]
[WhiteTeam "USG Chemnitz"]
[BlackTeam "Kieler SG Meerbauer"]
[PlyCount "63"]
[WhiteFideId "4613910"]
[BlackFideId "24611140"]
[EventCountry "GER"]
[EventRounds "7"]
[EventType "team-swiss"]
[EventDate "2008.12.26"]

1. c4 c5 2. Nf3 g6 3. e3 Bg7 4. d4 cxd4 5. exd4 Nf6 6. Nc3 d5 7. cxd5 Nxd5 8.
Bc4 Nxc3 9. bxc3 O-O 10. O-O Qc7 11. Qb3 Nc6 12. Ng5 e6 13. Be2 Ne7 14. Ba3 Rd8
15. Bf3 Rb8 16. Rfe1 Bf8 17. h4 h6 18. Ne4 b6 19. h5 g5 20. Nf6+ Kg7 21. Ng4
Bb7 22. c4 Kh8 23. Bb2 Ng8 24. d5+ Bg7 25. dxe6 Bxf3 26. Bxg7+ Kxg7 27. Qxf3
fxe6 28. Qc3+ Kh7 29. Rxe6 Qg7 30. Qc2+ Kh8 31. Rd1 Qh7 32. Rg6 1-0

[Event "DVM U16 2008"]
[Site "Bingen GER"]
[Date "2008.12.29"]
[Round "6"]
[White "Höger, Phillipp"]
[Black "Nguyen Minh, Thuy"]
[Result "0-1"]
[Termination "normal"]
[Board "4.2"]
[WhiteElo "1743"]
[BlackElo "1867"]
[WhiteTeam "Kieler SG Meerbauer"]
[BlackTeam "USG Chemnitz"]
[PlyCount "54"]
[WhiteFideId "24657212"]
[BlackFideId "24672688"]
[EventCountry "GER"]
[EventRounds "7"]
[EventType "team-swiss"]
[EventDate "2008.12.26"]

1. c4 Nf6 2. Nc3 e6 3. g3 Be7 4. Bg2 O-O 5. e4 d6 6. Nge2 c5 7. O-O Nfd7 8. Rb1
Nc6 9. d3 Nb6 10. f4 f5 11. b3 Qe8 12. Bb2 Qg6 13. a3 Bd7 14. d4 cxd4 15. Nxd4
Rac8 16. Re1 Nxd4 17. Qxd4 d5 18. exf5 Rxf5 19. Qd1 Bc5+ 20. Kh1 Rh5 21. g4 Rh4
22. h3 h5 23. gxh5 Qg3 24. Re2 e5 25. Bxd5+ Nxd5 26. Qxd5+ Kh8 27. Qxd7 Rxh3+
0-1

[Event "DVM U16 2008"]
[Site "Bingen GER"]
[Date "2008.12.29"]
[Round "6"]
[White "Schätz, Annika"]
[Black "Gogol, Max"]
[Result "1-0"]
[Termination "normal"]
[Board "4.3"]
[WhiteElo "1715"]
[BlackElo "1698"]
[WhiteTeam "USG Chemnitz"]
[BlackTeam "Kieler SG Meerbauer"]
[PlyCount "59"]
[WhiteFideId "24674796"]
[BlackFideId "4620429"]
[EventCountry "GER"]
[EventRounds "7"]
[EventType "team-swiss"]
[EventDate "2008.12.26"]

1. e4 c5 2. Nf3 e6 3. d4 cxd4 4. Nxd4 a6 5. Nc3 Qc7 6. Bd3 Nf6 7. Bd2 Be7 8.
O-O O-O 9. Kh1 d6 10. f4 Nbd7 11. Qe2 b5 12. Rae1 Nc5 13. f5 e5 14. Nb3 Bb7 15.
g4 b4 16. g5 bxc3 17. gxf6 cxd2 18. fxe7 Qxe7 19. Qxd2 Nxd3 20. Qxd3 f6 21. Na5
Kh8 22. b3 Rad8 23. Nxb7 Qxb7 24. c4 a5 25. Rf3 Qb4 26. Rg1 a4 27. Rh3 Qa3 28.
Qg3 Rd7 29. Qg6 h6 30. Rxh6+ 1-0

[Event "DVM U16 2008"]
[Site "Bingen GER"]
[Date "2008.12.29"]
[Round "6"]
[White "Dittmann, Jan"]
[Black "Jentzsch, Jakob"]
[Result "0-1"]
[Termination "normal"]
[Board "4.4"]
[WhiteElo "1717"]
[BlackElo "1528"]
[WhiteTeam "Kieler SG Meerbauer"]
[BlackTeam "USG Chemnitz"]
[PlyCount "56"]
[EventCountry "GER"]
[EventRounds "7"]
[EventType "team-swiss"]
[EventDate "2008.12.26"]

1. c4 c5 2. Nc3 g6 3. g3 Bg7 4. Bg2 Nc6 5. e3 d6 6. Nge2 Nf6 7. O-O O-O 8. Rb1
Bf5 9. d3 Rb8 10. a3 Ne5 11. e4 Bd7 12. b4 b6 13. h3 Qc8 14. Kh2 h6 15. Be3 Nc6
16. Qd2 Kh7 17. b5 Na5 18. f4 Ne8 19. g4 e6 20. Ng3 Nc7 21. f5 Qd8 22. f6 Bxf6
23. Bxh6 Bxc3 24. Qxc3 Kxh6 25. Rf2 e5 26. Rbf1 Be6 27. Qd2+ Kg7 28. Rf6 Rh8
0-1

[Event "DVM U16 2008"]
[Site "Bingen GER"]
[Date "2008.12.29"]
[Round "6"]
[White "Zhou, Syang"]
[Black "Schulz, Anja"]
[Result "1/2-1/2"]
[Termination "normal"]
[Board "5.1"]
[WhiteElo "2110"]
[BlackElo "1954"]
[WhiteTeam "Schachfreunde Deizisau"]
[BlackTeam "SV Muldental Wilkau-Haßlau"]
[PlyCount "50"]
[WhiteFideId "24636126"]
[BlackFideId "24647845"]
[EventCountry "GER"]
[EventRounds "7"]
[EventType "team-swiss"]
[EventDate "2008.12.26"]

1. e4 c5 2. Nf3 d6 3. Nc3 a6 4. d4 cxd4 5. Nxd4 Nf6 6. Be3 e5 7. Nb3 Be6 8. f3
Be7 9. Qd2 O-O 10. O-O-O Nbd7 11. g4 b5 12. g5 b4 13. Ne2 Ne8 14. f4 a5 15. f5
a4 16. fxe6 axb3 17. exf7+ Rxf7 18. cxb3 Rxa2 19. Ng3 Rxf1 20. Rhxf1 Ra1+ 21.
Kc2 Qc8+ 22. Kd3 Qa6+ 23. Kc2 Qc6+ 24. Kd3 Qb5+ 25. Kc2 Qc6+ 1/2-1/2

[Event "DVM U16 2008"]
[Site "Bingen GER"]
[Date "2008.12.29"]
[Round "6"]
[White "Völz, Michael"]
[Black "Früchel, Marcel"]
[Result "1/2-1/2"]
[Termination "normal"]
[Board "5.2"]
[WhiteElo "1785"]
[BlackElo "1857"]
[WhiteTeam "SV Muldental Wilkau-Haßlau"]
[BlackTeam "Schachfreunde Deizisau"]
[PlyCount "123"]
[WhiteFideId "24640107"]
[BlackFideId "24667218"]
[EventCountry "GER"]
[EventRounds "7"]
[EventType "team-swiss"]
[EventDate "2008.12.26"]

1. e4 e6 2. d4 d5 3. exd5 exd5 4. Bd3 Bd6 5. Nf3 Ne7 6. Bg5 f6 7. Bh4 Nbc6 8.
c3 Bg4 9. Bg3 Qd7 10. Bxd6 Qxd6 11. Nbd2 O-O-O 12. Qc2 Qe6+ 13. Kd1 Qd6 14. Re1
Qxh2 15. Bf5+ Nxf5 16. Qxf5+ Bxf5 17. Nxh2 Rde8 18. Ndf3 g5 19. Kd2 h5 20.
Rxe8+ Rxe8 21. Re1 Rxe1 22. Nxe1 Bb1 23. a3 Bg6 24. b4 Nd8 25. f4 g4 26. g3 Nf7
27. Nf1 Nd6 28. Nd3 Ne4+ 29. Ke3 Nxc3 30. Nc5 b6 31. Ne6 Nb5 32. a4 Nd6 33. Ke2
Bc2 34. a5 Nf5 35. Kd2 Be4 36. axb6 axb6 37. Kc3 Bg2 38. Nd2 Nxg3 39. Ng7 Ne4+
40. Nxe4 Bxe4 41. Nxh5 f5 42. Ng3 c6 43. b5 c5 44. Ne2 Kd7 45. Ng3 Ke6 46. Ne2
Bf3 47. Ng3 Bg2 48. Kd3 Bf3 49. Kc3 cxd4+ 50. Kxd4 Bd1 51. Kc3 d4+ 52. Kxd4 Bf3
53. Kc3 Bb7 54. Kd4 Bc8 55. Kc4 Bd7 56. Ne2 Kd6 57. Ng3 Bxb5+ 58. Kxb5 Kd5 59.
Kxb6 Kd4 60. Nxf5+ Ke4 61. Ng3+ Kxf4 62. Nh5+ 1/2-1/2

[Event "DVM U16 2008"]
[Site "Bingen GER"]
[Date "2008.12.29"]
[Round "6"]
[White "Rempeli, Alex"]
[Black "Schuffenhauer, Robert"]
[Result "1-0"]
[Termination "normal"]
[Board "5.3"]
[WhiteElo "1768"]
[BlackElo "1633"]
[WhiteTeam "Schachfreunde Deizisau"]
[BlackTeam "SV Muldental Wilkau-Haßlau"]
[PlyCount "70"]
[WhiteFideId "24645931"]
[BlackFideId "1270108"]
[EventCountry "GER"]
[EventRounds "7"]
[EventType "team-swiss"]
[EventDate "2008.12.26"]

1. d4 d5 2. c4 dxc4 3. Nf3 Nf6 4. e3 e6 5. Bxc4 a6 6. Bb3 b6 7. O-O Bb7 8. Nc3
Nbd7 9. Qe2 c5 10. Rd1 Qc7 11. a4 Be7 12. Bc2 O-O 13. e4 cxd4 14. Nxd4 Nc5 15.
Bg5 g6 16. Rac1 Ne8 17. Bxe7 Qxe7 18. Rd2 e5 19. Nf3 Nd6 20. Rcd1 Rfd8 21. Nd5
Bxd5 22. Rxd5 f6 23. b4 Ne6 24. g3 a5 25. Bb3 Kg7 26. Nxe5 fxe5 27. Rxe5 Nf7
28. Rxe6 Qxb4 29. Rxd8 Rxd8 30. Qf3 Rd7 31. h4 Rc7 32. Qf6+ Kf8 33. Rxb6 Qe1+
34. Kh2 Ke8 35. Rb8+ Kd7 1-0

[Event "DVM U16 2008"]
[Site "Bingen GER"]
[Date "2008.12.29"]
[Round "6"]
[White "Schlemmer, Martin"]
[Black "Winkler, Tim"]
[Result "0-1"]
[Termination "normal"]
[Board "5.4"]
[WhiteElo "1436"]
[BlackElo "1543"]
[WhiteTeam "SV Muldental Wilkau-Haßlau"]
[BlackTeam "Schachfreunde Deizisau"]
[PlyCount "58"]
[BlackFideId "24654515"]
[EventCountry "GER"]
[EventRounds "7"]
[EventType "team-swiss"]
[EventDate "2008.12.26"]

1. e4 e5 2. Nf3 Nc6 3. d4 exd4 4. Bc4 Be7 5. Nxd4 Ne5 6. Bb3 d6 7. O-O Nf6 8.
Nc3 a6 9. f4 Ng6 10. h3 O-O 11. g4 c5 12. Nf3 b5 13. Bd5 Nxd5 14. Nxd5 Bb7 15.
g5 f6 16. h4 fxg5 17. hxg5 Kh8 18. Nxe7 Qxe7 19. f5 Ne5 20. g6 Nxf3+ 21. Qxf3
Qxe4 22. Qxe4 Bxe4 23. Bf4 Rxf5 24. gxh7 Bxc2 25. Bxd6 Rg5+ 26. Kh2 Kxh7 27.
Rac1 Kg6 28. Rf3 Be4 29. Rh3 Rg2+ 0-1

[Event "DVM U16 2008"]
[Site "Bingen GER"]
[Date "2008.12.29"]
[Round "6"]
[White "Schulz, Jens"]
[Black "Neukötter, Max"]
[Result "1-0"]
[Termination "normal"]
[Board "6.1"]
[WhiteElo "2085"]
[BlackElo "1952"]
[WhiteTeam "Schachklub Nordhorn-Blanke"]
[BlackTeam "Schachfreunde Paderborn 2000"]
[PlyCount "79"]
[WhiteFideId "24675687"]
[BlackFideId "24648108"]
[EventCountry "GER"]
[EventRounds "7"]
[EventType "team-swiss"]
[EventDate "2008.12.26"]

1. e4 c5 2. Nf3 Nc6 3. Nc3 g6 4. Bb5 Bg7 5. O-O d6 6. Re1 e6 7. d4 cxd4 8. Nxd4
Nge7 9. Bg5 f6 10. Bh4 O-O 11. Bxc6 bxc6 12. Qd2 d5 13. exd5 e5 14. Rxe5 g5 15.
Rxe7 Qxe7 16. Nxc6 Qb7 17. Bg3 f5 18. Qxg5 Qxb2 19. Rb1 Qa3 20. Be5 Rf7 21.
Bxg7 Rxg7 22. Qd8+ Qf8 23. Qxf8+ Kxf8 24. f4 Rc7 25. Ne2 Bd7 26. Ned4 Rac8 27.
Ne5 Ke7 28. c4 Kd6 29. Re1 Rb7 30. Re2 Rf8 31. Kf2 Ba4 32. Rd2 Re7 33. Ne6 Rxe6
34. dxe6+ Kxe6 35. c5 Rc8 36. Rd6+ Ke7 37. Ra6 Be8 38. Rxa7+ Ke6 39. c6 Bxc6
40. Ra6 1-0

[Event "DVM U16 2008"]
[Site "Bingen GER"]
[Date "2008.12.29"]
[Round "6"]
[White "Hötte, Philipp"]
[Black "Bor, Tobias"]
[Result "0-1"]
[Termination "normal"]
[Board "6.2"]
[WhiteElo "1725"]
[BlackElo "1978"]
[WhiteTeam "Schachfreunde Paderborn 2000"]
[BlackTeam "Schachklub Nordhorn-Blanke"]
[PlyCount "102"]
[WhiteFideId "24696390"]
[BlackFideId "24665398"]
[EventCountry "GER"]
[EventRounds "7"]
[EventType "team-swiss"]
[EventDate "2008.12.26"]

1. e4 e5 2. c4 Nf6 3. Nc3 c6 4. d4 Bb4 5. Qd3 Qe7 6. d5 d6 7. f3 Nbd7 8. Be3
Nc5 9. Bxc5 Bxc5 10. Nge2 Bd7 11. a3 cxd5 12. Nxd5 Nxd5 13. Qxd5 Be6 14. Qd3
Rc8 15. Nc3 Bd4 16. Nd5 Bxd5 17. cxd5 O-O 18. Rb1 Qc7 19. Qd2 Qb6 20. Bd3 Be3
21. Qd1 Rc7 22. b3 Rfc8 23. Bc4 Qa5+ 24. Ke2 Qxa3 25. Qd3 Bd4 26. Rhd1 a6 27.
b4 Qa4 28. Qb3 Qxb3 29. Bxb3 Bc3 30. Rdc1 Bxb4 31. Rxc7 Rxc7 32. Ba4 a5 33. g3
Rc3 34. f4 f6 35. Rb2 b6 36. Rc2 Rc5 37. Kd3 exf4 38. gxf4 Rxc2 39. Kxc2 Kf7
40. Kd3 g6 41. Ke3 g5 42. f5 g4 43. Kf4 h5 44. Bd1 Kg7 45. h3 gxh3 46. Kg3 Kh6
47. Kxh3 Kg5 48. Kg3 h4+ 49. Kf3 Bc3 50. Kg2 Be5 51. Bc2 Kg4 0-1

[Event "DVM U16 2008"]
[Site "Bingen GER"]
[Date "2008.12.29"]
[Round "6"]
[White "Hurink, Maarten"]
[Black "Neukötter, Moritz"]
[Result "0-1"]
[Termination "normal"]
[Board "6.3"]
[WhiteElo "1917"]
[BlackElo "1685"]
[WhiteTeam "Schachklub Nordhorn-Blanke"]
[BlackTeam "Schachfreunde Paderborn 2000"]
[PlyCount "64"]
[WhiteFideId "24669156"]
[BlackFideId "24603279"]
[EventCountry "GER"]
[EventRounds "7"]
[EventType "team-swiss"]
[EventDate "2008.12.26"]

1. d4 f5 2. Nf3 Nf6 3. c4 g6 4. Nc3 Bg7 5. Qc2 d6 6. e3 Nc6 7. Be2 O-O 8. b3 e5
9. dxe5 dxe5 10. O-O e4 11. Rd1 Qe7 12. Nd4 Nxd4 13. exd4 c6 14. a4 Rd8 15. Bb2
Be6 16. Rd2 Rd7 17. a5 Bh6 18. Rdd1 e3 19. Bf3 Ng4 20. Bxg4 fxg4 21. d5 Bf5 22.
Qe2 exf2+ 23. Kf1 Qh4 24. Qe5 Re7 25. Qg3 Qxg3 26. hxg3 Bc2 27. d6 Re3 28. b4
Bxd1 29. Nxd1 Rxg3 30. Nxf2 Rb3 31. Bf6 Bg7 32. Be7 Bxa1 0-1

[Event "DVM U16 2008"]
[Site "Bingen GER"]
[Date "2008.12.29"]
[Round "6"]
[White "Masalsky, Nicolai"]
[Black "Kleinschmidt, Annika"]
[Result "1/2-1/2"]
[Termination "normal"]
[Board "6.4"]
[WhiteElo "1438"]
[BlackElo "1553"]
[WhiteTeam "Schachfreunde Paderborn 2000"]
[BlackTeam "Schachklub Nordhorn-Blanke"]
[PlyCount "84"]
[BlackFideId "24670049"]
[EventCountry "GER"]
[EventRounds "7"]
[EventType "team-swiss"]
[EventDate "2008.12.26"]

1. e4 c5 2. Nc3 Nc6 3. g3 g6 4. Bg2 Bg7 5. d3 e6 6. Be3 d6 7. Qd2 Nge7 8. Bh6
O-O 9. h4 d5 10. Bxg7 Kxg7 11. h5 Rh8 12. Nf3 dxe4 13. Nxe4 b6 14. O-O-O Nf5
15. hxg6 fxg6 16. g4 Nfd4 17. Qh6+ Kg8 18. Nh4 Ne5 19. Nf6+ Qxf6 20. Bxa8 Nxg4
21. Qd2 Kg7 22. Rdf1 Ba6 23. Be4 c4 24. Kb1 cxd3 25. Bxd3 Bb7 26. f3 Ne5 27.
Be4 Ndc6 28. Qc3 Ba6 29. Rd1 Rc8 30. f4 Qxf4 31. Bxc6 Rxc6 32. Qd2 Qe4 33. Rhe1
Qxh4 34. Rxe5 Qc4 35. Ree1 h5 36. Qd4+ Qxd4 37. Rxd4 g5 38. Rg1 Kf6 39. c3 e5
40. Rd8 e4 41. Rg8 Bd3+ 42. Kc1 42... Rc5 {(=)} 1/2-1/2

[Event "DVM U16 2008"]
[Site "Bingen GER"]
[Date "2008.12.29"]
[Round "6"]
[White "Hohmann, Louisa"]
[Black "Kopp, Nico"]
[Result "1/2-1/2"]
[Termination "normal"]
[Board "7.1"]
[WhiteElo "1739"]
[BlackElo "2097"]
[WhiteTeam "SG Bochum 31"]
[BlackTeam "SK Landau"]
[PlyCount "37"]
[BlackFideId "24608092"]
[EventCountry "GER"]
[EventRounds "7"]
[EventType "team-swiss"]
[EventDate "2008.12.26"]

1. e4 e5 2. Nf3 d6 3. d4 exd4 4. Qxd4 Nf6 5. Bg5 Be7 6. Nc3 O-O 7. Bc4 Nc6 8.
Qd2 Nd7 9. Bxe7 Qxe7 10. O-O-O Nb6 11. Bb3 Ne5 12. Nxe5 dxe5 13. Nd5 Nxd5 14.
exd5 Qd6 15. Rhe1 f6 16. c3 Bf5 17. Bc2 Bxc2 18. Qxc2 Rfe8 19. Re3 1/2-1/2

[Event "DVM U16 2008"]
[Site "Bingen GER"]
[Date "2008.12.29"]
[Round "6"]
[White "Karpa, Adrian"]
[Black "Butschek, Marc"]
[Result "0-1"]
[Termination "normal"]
[Board "7.2"]
[WhiteElo "1627"]
[BlackElo "1775"]
[WhiteTeam "SK Landau"]
[BlackTeam "SG Bochum 31"]
[PlyCount "60"]
[WhiteFideId "1270608"]
[BlackFideId "4630904"]
[EventCountry "GER"]
[EventRounds "7"]
[EventType "team-swiss"]
[EventDate "2008.12.26"]

1. e4 e5 2. Nf3 Nf6 3. d4 exd4 4. e5 Nd5 5. Qxd4 Nb6 6. Bf4 Nc6 7. Qd2 Bb4 8.
c3 Be7 9. Bd3 d5 10. exd6 cxd6 11. h3 Be6 12. Na3 Qd7 13. O-O h6 14. Nb5 g5 15.
Be3 g4 16. hxg4 Bxg4 17. Nh2 Be6 18. Nd4 O-O-O 19. Nxe6 fxe6 20. Bxb6 axb6 21.
Rfe1 e5 22. Qe3 Qc7 23. Qh3+ Kb8 24. f4 exf4 25. Bc2 Rdg8 26. Nf3 Rg3 27. Qe6
Rhg8 28. Re2 Nd8 29. Qb3 Qc5+ 30. Kf1 Rxf3+ 0-1

[Event "DVM U16 2008"]
[Site "Bingen GER"]
[Date "2008.12.29"]
[Round "6"]
[White "Orhan, Eda"]
[Black "Louis, Malte"]
[Result "0-1"]
[Termination "normal"]
[Board "7.3"]
[WhiteElo "1603"]
[BlackElo "1549"]
[WhiteTeam "SG Bochum 31"]
[BlackTeam "SK Landau"]
[PlyCount "72"]
[WhiteFideId "24659258"]
[BlackFideId "1270609"]
[EventCountry "GER"]
[EventRounds "7"]
[EventType "team-swiss"]
[EventDate "2008.12.26"]

1. d4 Nf6 2. Nf3 g6 3. g3 d6 4. Bg2 Bg7 5. O-O O-O 6. c4 Nbd7 7. d5 e5 8. dxe6
fxe6 9. Nc3 Nc5 10. Re1 Nfe4 11. Nxe4 Nxe4 12. Qc2 d5 13. cxd5 exd5 14. Bf4 c6
15. Rad1 Bf5 16. Qb3 Qb6 17. Be3 Qxb3 18. axb3 Bxb2 19. Bd4 Bxd4 20. Nxd4 Rae8
21. Nxf5 Rxf5 22. Bxe4 Rxe4 23. Ra1 a6 24. e3 Rfe5 25. f4 Re6 26. Kf2 Kf7 27.
Rad1 Ke7 28. Rd3 Kd6 29. Ke2 d4 30. Kd2 c5 31. g4 Rxe3 32. Rexe3 Rxe3 33. Rxe3
dxe3+ 34. Kxe3 Kd5 35. Kd3 b5 36. h4 a5 0-1

[Event "DVM U16 2008"]
[Site "Bingen GER"]
[Date "2008.12.29"]
[Round "6"]
[White "Schmidt, Justus"]
[Black "Budszuhn, Timo"]
[Result "0-1"]
[Termination "normal"]
[Board "7.4"]
[WhiteElo "1424"]
[BlackElo "1470"]
[WhiteTeam "SK Landau"]
[BlackTeam "SG Bochum 31"]
[PlyCount "83"]
[WhiteFideId "1270610"]
[BlackFideId "1270607"]
[EventCountry "GER"]
[EventRounds "7"]
[EventType "team-swiss"]
[EventDate "2008.12.26"]

1. e4 e5 2. Nf3 Nc6 3. Bb5 a6 4. Ba4 Nf6 5. O-O Be7 6. Re1 b5 7. Bb3 d6 8. c3
Na5 9. Bc2 c5 10. d4 Bg4 11. Nbd2 O-O 12. h3 Bxf3 13. Nxf3 Qc7 14. d5 Nb7 15.
g4 g6 16. Nh2 Ne8 17. Qf3 Qd8 18. Qg2 Bg5 19. Rf1 Bxc1 20. Raxc1 Nf6 21. Rce1
Qe7 22. Bd1 c4 23. g5 Nh5 24. Bxh5 gxh5 25. h4 Nc5 26. Rd1 Nd3 27. Rxd3 cxd3
28. Qf3 Kh8 29. Qxh5 Rg8 30. Kh1 f6 31. Nf3 Qd7 32. Kh2 f5 33. g6 fxe4 34.
Qxh7+ Qxh7 35. gxh7 Rgf8 36. Nd2 Rf4 37. Kh3 Kxh7 38. Re1 Rxf2 39. Nxe4 Re2 40.
Ng5+ Kh6 41. Rxe2 dxe2 42. Nf3 0-1

[Event "DVM U16 2008"]
[Site "Bingen GER"]
[Date "2008.12.29"]
[Round "6"]
[White "Kremser, Michael"]
[Black "Sonnhalter, Stella"]
[Result "1-0"]
[Termination "normal"]
[Board "8.1"]
[WhiteElo "1818"]
[BlackElo "1623"]
[WhiteTeam "Schachgemeinschaft Porz"]
[BlackTeam "SC Réti Heusweiler"]
[PlyCount "75"]
[WhiteFideId "1270131"]
[BlackFideId "4624815"]
[EventCountry "GER"]
[EventRounds "7"]
[EventType "team-swiss"]
[EventDate "2008.12.26"]

1. d4 Nf6 2. c4 e6 3. Nc3 Bb4 4. e3 b6 5. Bd3 Bb7 6. Nf3 O-O 7. O-O Bxc3 8.
bxc3 Ne4 9. Qc2 f5 10. Rb1 d6 11. Nd2 Ng5 12. f4 Nf7 13. Nf3 Nd7 14. Bd2 Nf6
15. Be1 Nh8 16. d5 exd5 17. Bxf5 Nf7 18. cxd5 Bxd5 19. c4 Bb7 20. Bh4 Qe7 21.
Bxh7+ Kh8 22. Rbe1 Rae8 23. Bd3 Qe6 24. Bf5 Qe7 25. e4 Ba6 26. Qa4 Bb7 27. Qxa7
Bc6 28. Qa3 Ra8 29. Qb2 Rfe8 30. Nd4 Bd7 31. Rf3 Kg8 32. Rfe3 Bxf5 33. Nxf5 Qe6
34. Nxg7 Kxg7 35. Bxf6+ Kf8 36. Bg7+ Ke7 37. Qb3 Rg8 38. e5 1-0

[Event "DVM U16 2008"]
[Site "Bingen GER"]
[Date "2008.12.29"]
[Round "6"]
[White "Meiser, Michael"]
[Black "Finke, Kai"]
[Result "1/2-1/2"]
[Termination "normal"]
[Board "8.2"]
[WhiteElo "1568"]
[BlackElo "1593"]
[WhiteTeam "SC Réti Heusweiler"]
[BlackTeam "Schachgemeinschaft Porz"]
[PlyCount "46"]
[WhiteFideId "24659762"]
[BlackFideId "1270611"]
[EventCountry "GER"]
[EventRounds "7"]
[EventType "team-swiss"]
[EventDate "2008.12.26"]

1. e4 c5 2. Nf3 g6 3. d4 cxd4 4. Nxd4 Bg7 5. c4 Nc6 6. Be3 d6 7. Nc3 Nf6 8. f3
O-O 9. Be2 Bd7 10. O-O Ne8 11. Rc1 Rc8 12. Qd2 Nxd4 13. Bxd4 e5 14. Bxa7 Be6
15. b3 f5 16. exf5 gxf5 17. f4 Qa5 18. Be3 Rd8 19. Rf3 Nf6 20. fxe5 dxe5 21.
Qc2 Ng4 22. Bd2 Qc5+ 23. Kh1 Nf2+ 1/2-1/2

[Event "DVM U16 2008"]
[Site "Bingen GER"]
[Date "2008.12.29"]
[Round "6"]
[White "Krause, Johann"]
[Black "Wilhelm, Robin"]
[Result "0-1"]
[Termination "normal"]
[Board "8.3"]
[WhiteElo "1463"]
[BlackElo "1651"]
[WhiteTeam "Schachgemeinschaft Porz"]
[BlackTeam "SC Réti Heusweiler"]
[PlyCount "106"]
[WhiteFideId "1270612"]
[BlackFideId "4659627"]
[EventCountry "GER"]
[EventRounds "7"]
[EventType "team-swiss"]
[EventDate "2008.12.26"]

1. e4 c5 2. Nf3 Nc6 3. Nc3 g6 4. b3 Bg7 5. Bb2 d6 6. Na4 Nf6 7. e5 dxe5 8. Nxe5
Nxe5 9. Bxe5 b6 10. Qf3 Be6 11. Bb5+ Kf8 12. c4 Nd7 13. Bxg7+ Kxg7 14. O-O Nf6
15. Qc3 Qd6 16. Ba6 Rad8 17. Rad1 Qd4 18. Bb7 Rd7 19. Qxd4 Rxd4 20. Rfe1 Rhd8
21. Re2 Kf8 22. Nc3 Bf5 23. Nb5 Rd3 24. Kf1 a6 25. Na3 R3d7 26. Bf3 Bd3 27. Ke1
Bxe2 28. Kxe2 e5 29. g3 e4 30. Bg2 Re7 31. Bh3 Nd7 32. Bxd7 Rexd7 33. Nc2 f5
34. Ne3 b5 35. h4 Rf7 36. Ng2 bxc4 37. bxc4 Rb7 38. Nf4 Kf7 39. Nd5 Rb2 40. a4
Rc2 41. Rb1 Rd7 42. Rd1 Rb7 43. Nc3 Rb4 44. Rb1 Rxb1 45. Nxb1 Rxc4 46. Nc3 Ke6
47. Ke3 Ke5 48. f4+ exf3 49. Kxf3 h6 50. Ke3 g5 51. hxg5 hxg5 52. a5 Rxc3+ 53.
dxc3 f4+ 0-1

[Event "DVM U16 2008"]
[Site "Bingen GER"]
[Date "2008.12.29"]
[Round "6"]
[White "Schiffner, Kevin"]
[Black "Meng, Pascal"]
[Result "1-0"]
[Termination "normal"]
[Board "9.1"]
[WhiteElo "1925"]
[BlackElo "1595"]
[WhiteTeam "SG Aufbau Elbe Magdeburg"]
[BlackTeam "Schachklub Gau-Algesheim"]
[PlyCount "55"]
[WhiteFideId "24674940"]
[BlackFideId "24608165"]
[EventCountry "GER"]
[EventRounds "7"]
[EventType "team-swiss"]
[EventDate "2008.12.26"]

1. d4 d5 2. c4 e6 3. Nc3 c6 4. Nf3 dxc4 5. a4 Bb4 6. Bd2 b5 7. axb5 Bxc3 8.
Bxc3 cxb5 9. e4 Nf6 10. Qc2 Bb7 11. e5 Nd5 12. b3 b4 13. Bd2 c3 14. Bc1 h6 15.
Bd3 O-O 16. O-O Nd7 17. Re1 Qb6 18. Qd1 a5 19. Bc2 Ba6 20. Nh4 Qd8 21. Qh5 f5
22. Bxh6 gxh6 23. Qg6+ Kh8 24. Qxh6+ Kg8 25. Qxe6+ Rf7 26. Nxf5 Kf8 27. Qxd5
Nb6 28. Qc5+ 1-0